000 00362cam a2200169ua 4500
041 _aeng
_h
082 _a323.6
_bMIN
245 _abetter citizenship
260 _a :
_bministry of information ,
_c1961.
300 _a40 ; .
504 _a
942 _cBK
999 _c12379
_d12379